[Event "IX Floripa Chess Open Fort Atacadista"]
[Site "Florianópolis - Santa Catari"]
[Date "2023.01.24"]
[Round "2.182"]
[White "De Souza, Joao Francisco Biz"]
[Black "Stival Da Silva, Javier Rodrigo"]
[Result "1-0"]
[WhiteElo "1249"]
[BlackElo "1640"]
[PlyCount "111"]
[EventDate "2023.01.23"]
[EventRounds "10"]
[EventCountry "BRA"]

1. Nf3 d5 2. b3 Nf6 3. Bb2 e6 4. e3 Be7 5. d3 c5 6. Nbd2 Nc6 7. Be2 O-O 8. c4
d4 9. exd4 cxd4 10. O-O Re8 11. Ne4 e5 12. Nfg5 h6 13. Nxf6+ Bxf6 14. Ne4 Be7
15. f4 f5 16. Ng3 Bh4 17. Bh5 Rf8 18. Ne2 Bf6 19. fxe5 Bxe5 20. Nf4 Qd6 21. Qf3
Bd7 22. Qd5+ Qxd5 23. cxd5 Bxf4 24. Rxf4 Nb4 25. Rd1 Nxd5 26. Rxd4 Nf6 27. Bf3
Rac8 28. Rc4 Rxc4 29. dxc4 Bc6 30. Bxc6 bxc6 31. Rd6 c5 32. h3 Ne4 33. Rd5 g6
34. Ba3 Rc8 35. Rd7 a6 36. Bb2 Rc6 37. Be5 Nf6 38. Bxf6 Rxf6 39. Rc7 Rd6 40.
Rxc5 Kf7 41. b4 Ke6 42. a4 Rb6 43. b5 axb5 44. cxb5 Kd6 45. Rc6+ Rxc6 46. bxc6
Kxc6 47. Kf2 Kc5 48. Ke3 g5 49. h4 gxh4 50. Kf4 Kb4 51. Kxf5 h3 52. gxh3 Kxa4
53. Kg6 Kb5 54. Kxh6 Kc6 55. Kg7 Kd6 56. h4 1-0

[Event "IX Floripa Chess Open Fort Atacadista"]
[Site "Florianópolis - Santa Catari"]
[Date "2023.01.24"]
[Round "2.183"]
[White "Mariano, Kaiki Pereira"]
[Black "Abilhoa, Felipe Auer"]
[Result "1-0"]
[WhiteElo "1639"]
[BlackElo "1249"]
[PlyCount "73"]
[EventDate "2023.01.23"]
[EventRounds "10"]
[EventCountry "BRA"]

1. c4 Nf6 2. Nc3 e6 3. e4 Bb4 4. e5 Bxc3 5. dxc3 Ne4 6. Qg4 Nc5 7. Qxg7 Rf8 8.
Bh6 Qe7 9. Qxh7 Qh4 10. Nf3 Qe4+ 11. Qxe4 Nxe4 12. Bxf8 Kxf8 13. Bd3 Nc5 14.
Bc2 Nc6 15. b4 Nxb4 16. cxb4 Na6 17. b5 Nb4 18. Bb1 c6 19. a3 cxb5 20. axb4
bxc4 21. h4 d5 22. h5 Ke7 23. h6 Bd7 24. h7 Rh8 25. Rxa7 Bc6 26. Rh3 f6 27. Rg3
Kf7 28. b5 Be8 29. Rxb7+ Kf8 30. Rb8 f5 31. Rxe8+ Kxe8 32. Rg8+ Rxg8 33.
hxg8=Q+ Kd7 34. Qf7+ Kc8 35. Nd4 Kb8 36. b6 Kc8 37. Qc7# 1-0

[Event "IX Floripa Chess Open Fort Atacadista"]
[Site "Florianópolis - Santa Catari"]
[Date "2023.01.24"]
[Round "2.184"]
[White "Guerra, Frederico Cavalcant"]
[Black "Calcada, Lucas Galvan"]
[Result "0-1"]
[WhiteElo "1239"]
[BlackElo "1638"]
[PlyCount "102"]
[EventDate "2023.01.23"]
[EventRounds "10"]
[EventCountry "BRA"]

1. e4 c5 2. c3 g6 3. Nf3 Bg7 4. d3 Nc6 5. Be3 d6 6. Qd2 Nf6 7. Bh6 O-O 8. Be2
Bd7 9. Na3 Rb8 10. h4 Bg4 11. Nc4 b5 12. Bxg7 Kxg7 13. Ne3 h5 14. Nxg4 Nxg4 15.
Nh2 Nxh2 16. Rxh2 e6 17. g4 hxg4 18. Bxg4 Ne5 19. Be2 Rh8 20. h5 gxh5 21. O-O-O
Ng6 22. Rg1 Qf6 23. f4 Kf8 24. Rf1 Ke7 25. f5 Ne5 26. fxe6 Qxe6 27. Qg5+ f6 28.
Qf5 Rbg8 29. b3 Ng4 30. Rg2 Qe5 31. Bxg4 hxg4 32. Kc2 b4 33. Qxe5+ dxe5 34.
Rfg1 Rh4 35. cxb4 cxb4 36. Kd2 Ke6 37. Ke3 Rh3+ 38. Kd2 Rh4 39. Rg3 Rg5 40. Ke3
Rh3 41. d4 exd4+ 42. Kxd4 Rxg3 43. Rxg3 f5 44. exf5+ Kxf5 45. Kc4 Kf4 46. Rg1
Kf3 47. Kxb4 Kf2 48. Rc1 g3 49. a4 g2 50. Rc2+ Ke3 51. Rc3+ Kd2 0-1

[Event "IX Floripa Chess Open Fort Atacadista"]
[Site "Florianópolis - Santa Catari"]
[Date "2023.01.24"]
[Round "2.185"]
[White "Jiang, Lucas Zirui"]
[Black "Tischler Lema Garcia, Maria Eduarda"]
[Result "1-0"]
[WhiteElo "1637"]
[BlackElo "1246"]
[PlyCount "79"]
[EventDate "2023.01.23"]
[EventRounds "10"]
[EventCountry "BRA"]

1. d4 d5 2. Nf3 Nf6 3. c4 e6 4. cxd5 exd5 5. Nc3 Be7 6. Bg5 O-O 7. Bxf6 Bxf6 8.
e3 Be6 9. Be2 Nd7 10. b4 Re8 11. O-O c6 12. Qc2 Qe7 13. Rab1 Rac8 14. Na4 b6
15. Rfc1 Qd6 16. h3 Qc7 17. Ba6 Rb8 18. b5 c5 19. dxc5 bxc5 20. Nxc5 Nxc5 21.
Qxc5 Qxc5 22. Rxc5 Rb6 23. Nd4 h6 24. Nxe6 Rexe6 25. Bc8 Re8 26. Bd7 Rd8 27.
Rxd5 Rb7 28. Bc6 Rbb8 29. a4 a6 30. b6 Rdc8 31. Bd7 Rc2 32. b7 Rc7 33. Bc8 Kh7
34. Rb6 Rc1+ 35. Kh2 Kg6 36. Rxa6 Rc2 37. Ra8 Rxb7 38. Bf5+ Kh5 39. Bxc2+ Kh4
40. g3# 1-0

[Event "IX Floripa Chess Open Fort Atacadista"]
[Site "Florianópolis - Santa Catari"]
[Date "2023.01.24"]
[Round "2.186"]
[White "Esquinelato, Marcos Vinicius Mol"]
[Black "Lopes, Leonardo Borges"]
[Result "0-1"]
[WhiteElo "1237"]
[BlackElo "1635"]
[PlyCount "50"]
[EventDate "2023.01.23"]
[EventRounds "10"]
[EventCountry "BRA"]

1. e4 c5 2. Nf3 d6 3. d4 cxd4 4. Nxd4 Nf6 5. Nc3 a6 6. Be2 e5 7. Nf3 Be7 8. h3
O-O 9. O-O Nbd7 10. Be3 Re8 11. Qd2 b5 12. a3 Bb7 13. Bd3 Bf8 14. b4 Rc8 15.
Bg5 Qc7 16. Nd5 Bxd5 17. exd5 e4 18. Nd4 exd3 19. Qxd3 Re5 20. Qg3 Rxd5 21.
Rad1 Qc4 22. Be3 Ne5 23. Nf5 Ng6 24. Qf3 Rxd1 25. Rxd1 Qe4 0-1

[Event "IX Floripa Chess Open Fort Atacadista"]
[Site "Florianópolis - Santa Catari"]
[Date "2023.01.24"]
[Round "2.187"]
[White "Goetten Wagner, Julia"]
[Black "Sombrio, Otto De Henrique"]
[Result "1-0"]
[WhiteElo "1631"]
[BlackElo "1239"]
[PlyCount "87"]
[EventDate "2023.01.23"]
[EventRounds "10"]
[EventCountry "BRA"]

1. e4 c5 2. Nf3 d6 3. d4 cxd4 4. Nxd4 Nf6 5. Nc3 Nc6 6. f3 e5 7. Ndb5 a6 8. Na3
b5 9. Nd5 Nxd5 10. exd5 Ne7 11. c4 b4 12. Qa4+ Bd7 13. Qxb4 Nf5 14. Qd2 g6 15.
Bd3 Bh6 16. Qf2 Bxc1 17. Rxc1 O-O 18. O-O Ne7 19. Nb1 f5 20. Qh4 f4 21. Nc3
Qb6+ 22. Qf2 Qc7 23. Ne4 Nf5 24. c5 Rfc8 25. Nf6+ Kg7 26. Nxd7 Qxd7 27. c6 Qf7
28. Bxf5 Qxf5 29. Qb6 Qf7 30. Qb7 Qc7 31. Qxc7+ Rxc7 32. b4 Kf8 33. g3 Rb8 34.
Rb1 Rb5 35. Rfd1 Ke8 36. a4 Rb8 37. gxf4 exf4 38. Re1+ Re7 39. Rxe7+ Kxe7 40.
Re1+ Kf7 41. Re6 Rxb4 42. Rxd6 Rc4 43. Rd7+ Ke8 44. Rxh7 1-0

[Event "IX Floripa Chess Open Fort Atacadista"]
[Site "Florianópolis - Santa Catari"]
[Date "2023.01.24"]
[Round "2.188"]
[White "Vieira, Luiza Lessing"]
[Black "Passos Coutinho, Eduardo"]
[Result "0-1"]
[WhiteElo "1231"]
[BlackElo "1630"]
[PlyCount "80"]
[EventDate "2023.01.23"]
[EventRounds "10"]
[EventCountry "BRA"]

1. d4 Nf6 2. c4 c5 3. d5 b5 4. cxb5 a6 5. e3 g6 6. Nc3 Bg7 7. Nf3 O-O 8. Bc4 d6
9. O-O axb5 10. Bxb5 Qb6 11. Ba4 Bd7 12. Bb3 Na6 13. e4 Rfc8 14. e5 dxe5 15.
Nxe5 Be8 16. Re1 Qb4 17. a3 Qb7 18. Bf4 Nc7 19. Re2 Nb5 20. Nxb5 Qxb5 21. Bc4
Qb7 22. f3 Rd8 23. Rd2 Nh5 24. g3 Nxf4 25. gxf4 Rd6 26. Rb1 Bh6 27. Nd3 Qc7 28.
Qe1 Rf6 29. Qe4 Ra4 30. Rg2 Bxf4 31. b3 Rxa3 32. Qe2 Bd6 33. h4 Qd7 34. h5 Qf5
35. hxg6 Rxg6 36. Rf1 Qh5 37. Rff2 Ra1+ 38. Ne1 Qh2+ 39. Kf1 Qh1+ 40. Rg1 Qxg1#
0-1

[Event "IX Floripa Chess Open Fort Atacadista"]
[Site "Florianópolis - Santa Catari"]
[Date "2023.01.24"]
[Round "2.189"]
[White "De Resende, Sidnei"]
[Black "Marcal Braganca, Joao Victor"]
[Result "1-0"]
[WhiteElo "1629"]
[BlackElo "1235"]
[PlyCount "45"]
[EventDate "2023.01.23"]
[EventRounds "10"]
[EventCountry "BRA"]

1. e4 e6 2. d4 d5 3. Nc3 Nf6 4. e5 Nfd7 5. f4 c5 6. Nf3 Nc6 7. Be3 cxd4 8. Nxd4
Qb6 9. Na4 Qa5+ 10. c3 Be7 11. Nxc6 bxc6 12. Bd3 O-O 13. O-O f5 14. b4 Qd8 15.
Qe2 g5 16. Qf2 a5 17. a3 axb4 18. axb4 Ba6 19. Bxa6 Rxa6 20. Nc5 Rxa1 21. Rxa1
gxf4 22. Nxe6 fxe3 23. Qg3+ 1-0

[Event "IX Floripa Chess Open Fort Atacadista"]
[Site "Florianópolis - Santa Catari"]
[Date "2023.01.24"]
[Round "2.190"]
[White "Rahn, Marlon Cristiano"]
[Black "Albiero, Marco Antonio Batis"]
[Result "0-1"]
[WhiteElo "1226"]
[BlackElo "1621"]
[PlyCount "64"]
[EventDate "2023.01.23"]
[EventRounds "10"]
[EventCountry "BRA"]

1. e4 e5 2. Nf3 Nc6 3. Bc4 Bc5 4. c3 Nf6 5. d3 d6 6. Bg5 O-O 7. Nbd2 a6 8. Bb3
h6 9. Bh4 Be6 10. Bc2 d5 11. exd5 Bxd5 12. O-O Re8 13. Re1 b5 14. Nf1 Qd6 15.
Ne3 Bxe3 16. fxe3 e4 17. Bg3 Qe7 18. Nd4 Nxd4 19. exd4 c5 20. dxe4 Bxe4 21.
Bxe4 Nxe4 22. Qg4 cxd4 23. cxd4 Nf6 24. Rxe7 Nxg4 25. Rxe8+ Rxe8 26. Re1 Rd8
27. Rd1 Kf8 28. d5 Ne3 29. Bc7 Rd7 30. d6 Nxd1 31. b3 Ne3 32. Kf2 Nf5 0-1

[Event "IX Floripa Chess Open Fort Atacadista"]
[Site "Florianópolis - Santa Catari"]
[Date "2023.01.24"]
[Round "2.192"]
[White "Amorim Filho, Robson Bezerra"]
[Black "Dionisio, Alex Monteiro"]
[Result "0-1"]
[WhiteElo "1216"]
[BlackElo "1616"]
[PlyCount "58"]
[EventDate "2023.01.23"]
[EventRounds "10"]
[EventCountry "BRA"]

1. e4 c5 2. Nf3 d6 3. d4 cxd4 4. Nxd4 Nf6 5. Nc3 a6 6. Bg5 e6 7. f3 Be7 8. Qd2
Qc7 9. h4 e5 10. Bxf6 Bxf6 11. Nd5 Qd8 12. Ne2 Bxh4+ 13. g3 Bf6 14. Qc3 Nc6 15.
O-O-O Be6 16. Bh3 Be7 17. f4 Rc8 18. f5 Bxd5 19. exd5 Nd4 20. Qd3 Rxc2+ 21. Kb1
Rxe2 22. Bg4 Rc2 23. Qa3 Rc4 24. Rc1 Rxc1+ 25. Rxc1 O-O 26. Qd3 Bf6 27. Rh1 h6
28. Bd1 Qd7 29. Qc4 Qxf5+ 0-1

[Event "IX Floripa Chess Open Fort Atacadista"]
[Site "Florianópolis - Santa Catari"]
[Date "2023.01.24"]
[Round "2.193"]
[White "Amarilla Ettiene, Ezequiel"]
[Black "Da Costa, Evelyn Maria Fuck"]
[Result "1-0"]
[WhiteElo "1616"]
[BlackElo "1220"]
[PlyCount "55"]
[EventDate "2023.01.23"]
[EventRounds "10"]
[EventCountry "BRA"]

1. e4 e5 2. Nf3 Nf6 3. Nxe5 Qe7 4. d4 Nxe4 5. Bd3 d6 6. Bxe4 dxe5 7. O-O exd4
8. Re1 Kd8 9. Bxb7 Qxe1+ 10. Qxe1 Bxb7 11. Bf4 Nc6 12. c3 Bd6 13. Bxd6 cxd6 14.
Na3 Re8 15. Qd2 Kd7 16. cxd4 Re4 17. d5 Ne7 18. Rc1 Nxd5 19. Nb5 a6 20. Rc7+
Ke6 21. Rxb7 axb5 22. Rxb5 Nf6 23. f3 Rxa2 24. Qc1 Re2 25. Qc4+ Kd7 26. Rb7+
Kd8 27. Qc7+ Ke8 28. Qc8# 1-0

[Event "IX Floripa Chess Open Fort Atacadista"]
[Site "Florianópolis - Santa Catari"]
[Date "2023.01.24"]
[Round "2.194"]
[White "Roeder, Larissa Taina"]
[Black "Da Cruz, Emerson"]
[Result "0-1"]
[WhiteElo "1209"]
[BlackElo "1615"]
[PlyCount "64"]
[EventDate "2023.01.23"]
[EventRounds "10"]
[EventCountry "BRA"]

1. e4 c5 2. Nc3 g6 3. Bc4 Bg7 4. f4 e6 5. d3 Ne7 6. Nge2 O-O 7. O-O d5 8. Bb3
Nbc6 9. a3 a6 10. e5 b5 11. Ba2 Bb7 12. Qe1 h5 13. Qf2 c4 14. dxc4 bxc4 15. Rd1
Qc7 16. b3 cxb3 17. cxb3 Bc8 18. b4 Bd7 19. Be3 Nf5 20. Bc5 Rfc8 21. Na4 Nxe5
22. fxe5 Bxa4 23. Rdc1 Qxe5 24. Nc3 Bb5 25. Nxb5 axb5 26. Bb3 Qb2 27. Rab1
Qxf2+ 28. Kxf2 Rxa3 29. Kf1 Rca8 30. Bc2 Nd4 31. Bxd4 Bxd4 32. Rd1 Bb6 0-1

[Event "IX Floripa Chess Open Fort Atacadista"]
[Site "Florianópolis - Santa Catari"]
[Date "2023.01.24"]
[Round "2.195"]
[White "Martins, Arthur Francisco"]
[Black "Favaretto, Felipe Della Preve"]
[Result "1-0"]
[WhiteElo "1610"]
[BlackElo "1207"]
[PlyCount "83"]
[EventDate "2023.01.23"]
[EventRounds "10"]
[EventCountry "BRA"]

1. b3 Nf6 2. Bb2 Nc6 3. e3 e5 4. Bb5 d6 5. Ne2 Bd7 6. Ng3 g6 7. Nc3 Bg7 8. f4
exf4 9. exf4 Qe7+ 10. Qe2 Qxe2+ 11. Ncxe2 a6 12. Bd3 Nb4 13. Nc1 O-O 14. O-O
Rfe8 15. a3 Nxd3 16. Nxd3 Ne4 17. Nxe4 Bxb2 18. Nxb2 Rxe4 19. Rae1 Rae8 20.
Rxe4 Rxe4 21. g3 Re2 22. Rf2 Rxf2 23. Kxf2 b5 24. b4 Kg7 25. c4 Kf6 26. cxb5
axb5 27. Ke3 c5 28. bxc5 dxc5 29. Nd3 c4 30. Ne5 Ke6 31. Kd4 Be8 32. Kc5 Kf5
33. Nc6 Ke4 34. Nd4 Kd3 35. Nxb5 Kxd2 36. Kxc4 Bc6 37. a4 Ke3 38. Kc5 Bh1 39.
a5 Kf3 40. a6 Kg2 41. Nd4 Kxh2 42. Nc6 1-0

[Event "IX Floripa Chess Open Fort Atacadista"]
[Site "Florianópolis - Santa Catari"]
[Date "2023.01.24"]
[Round "2.196"]
[White "Teramoto, Anderson"]
[Black "De Fassio, Davi Dos Santos"]
[Result "1-0"]
[WhiteElo "1607"]
[BlackElo "1200"]
[PlyCount "103"]
[EventDate "2023.01.23"]
[EventRounds "10"]
[EventCountry "BRA"]

1. c4 e5 2. g3 Nf6 3. Bg2 c6 4. e3 d5 5. cxd5 cxd5 6. h3 Bb4 7. Nf3 Nc6 8. O-O
O-O 9. a3 Bd6 10. Nc3 e4 11. Ne1 b6 12. b4 a6 13. d3 Be5 14. Bd2 b5 15. Rc1
Bxc3 16. Bxc3 Re8 17. Qc2 Bb7 18. Qb2 Re6 19. dxe4 dxe4 20. Nc2 Ne7 21. Rfd1
Rd6 22. Rxd6 Qxd6 23. Bxf6 Qxf6 24. Qxf6 gxf6 25. Nd4 Rc8 26. Rxc8+ Nxc8 27.
Nf5 h5 28. Bf1 Nb6 29. Nd4 Nc4 30. Bxc4 bxc4 31. Kf1 Bc8 32. Ke2 Bxh3 33. Kd2
Bf1 34. Nf5 Bd3 35. Kc3 Kh7 36. a4 Kg6 37. Nh4+ Kg5 38. b5 axb5 39. axb5 Bb1
40. b6 Kg4 41. b7 Kh3 42. b8=Q Bd3 43. Qf4 Kh2 44. g4+ Kg1 45. gxh5 Kf1 46. h6
Ke2 47. h7 Kd1 48. h8=Q Kc1 49. Qhb8 Kd1 50. Qb2 Ke1 51. Qg3 Bf1 52. Qd2# 1-0

[Event "IX Floripa Chess Open Fort Atacadista"]
[Site "Florianópolis - Santa Catari"]
[Date "2023.01.24"]
[Round "2.197"]
[White "Campagnolo, Bruna"]
[Black "Jurado, Laura Alves"]
[Result "0-1"]
[WhiteElo "1607"]
[BlackElo "1186"]
[PlyCount "60"]
[EventDate "2023.01.23"]
[EventRounds "10"]
[EventCountry "BRA"]

1. e4 c6 2. d4 d5 3. Nc3 dxe4 4. Nxe4 Nd7 5. Nf3 Ngf6 6. Ng3 e6 7. Bd3 c5 8. c3
Bd6 9. Bg5 O-O 10. Qc2 Qc7 11. Ne4 c4 12. Be2 Nxe4 13. Qxe4 h6 14. Bh4 Rb8 15.
Bd1 Re8 16. Bc2 Nf8 17. Bg3 b5 18. O-O Bb7 19. Bxd6 Qxd6 20. Qe2 Bxf3 21. Qxf3
a5 22. a3 b4 23. axb4 axb4 24. Ra7 Re7 25. Rxe7 Qxe7 26. cxb4 Qxb4 27. Qc3 Qxb2
28. Qxc4 Rb4 29. Qc8 Rxd4 30. Rb1 Qxb1+ 0-1

[Event "IX Floripa Chess Open Fort Atacadista"]
[Site "Florianópolis - Santa Catari"]
[Date "2023.01.24"]
[Round "2.198"]
[White "Toffoli, Vanessa"]
[Black "Cunha, Angelo"]
[Result "1-0"]
[WhiteElo "1202"]
[BlackElo "1606"]
[PlyCount "103"]
[EventDate "2023.01.23"]
[EventRounds "10"]
[EventCountry "BRA"]

1. e4 c5 2. Nf3 d6 3. Bb5+ Nd7 4. O-O Ngf6 5. Qe2 a6 6. Bxd7+ Bxd7 7. Rd1 g6 8.
c3 Bg7 9. d4 cxd4 10. cxd4 Bb5 11. Qe3 Qc7 12. Nc3 Bd7 13. Qe2 O-O 14. e5 Ne8
15. Nd5 Qd8 16. Bg5 f6 17. exd6 Nxd6 18. Bf4 Nf5 19. Bc7 Qe8 20. Qc4 Kh8 21.
Nb6 Bb5 22. Qc5 Ra7 23. Re1 Qc6 24. a4 Qxc5 25. dxc5 Bc6 26. Nd2 Nd4 27. Rxe7
Re8 28. Rxe8+ Bxe8 29. Bb8 Nc6 30. Bxa7 Nxa7 31. Re1 Bc6 32. Ndc4 f5 33. b3 Bd4
34. Na5 Be4 35. Nxb7 Nc6 36. Nd6 Bc2 37. Re8+ Kg7 38. Rc8 Nb4 39. Rc7+ Kh6 40.
Nf7+ Kh5 41. Nd7 Bxb3 42. Rb7 a5 43. Nfe5 Bxa4 44. c6 Nxc6 45. Nf6+ Kg5 46.
Nxc6 Bxf6 47. Nxa5 h5 48. h4+ Kh6 49. g3 Bc3 50. Nb3 Be5 51. Nc5 Bc6 52. Re7
1-0

[Event "IX Floripa Chess Open Fort Atacadista"]
[Site "Florianópolis - Santa Catari"]
[Date "2023.01.24"]
[Round "2.199"]
[White "Elesbao, Bernardo Dartora"]
[Black "Poli, Maria Luiza De Oliv"]
[Result "1-0"]
[WhiteElo "1604"]
[BlackElo "1156"]
[PlyCount "41"]
[EventDate "2023.01.23"]
[EventRounds "10"]
[EventCountry "BRA"]

1. e4 e5 2. Nf3 Nc6 3. Bc4 Bc5 4. O-O Nf6 5. d3 h6 6. Nbd2 O-O 7. Re1 d6 8. c3
Bg4 9. h3 Bh5 10. Nf1 Qd7 11. Ng3 Bg6 12. Nh4 Bh7 13. b4 Bb6 14. Qf3 Qe7 15.
Nhf5 Bxf5 16. Nxf5 Qd7 17. Bxh6 Kh7 18. Bxg7 Kg8 19. Bxf6 Rfe8 20. Qg4+ Kf8 21.
Qg7# 1-0

[Event "IX Floripa Chess Open Fort Atacadista"]
[Site "Florianópolis - Santa Catari"]
[Date "2023.01.24"]
[Round "2.200"]
[White "Kim, Andre"]
[Black "Senger, Maria Clara Da Silv"]
[Result "1/2-1/2"]
[WhiteElo "1198"]
[BlackElo "1604"]
[PlyCount "138"]
[EventDate "2023.01.23"]
[EventRounds "10"]
[EventCountry "BRA"]

1. e4 e5 2. Nf3 Nc6 3. Bc4 Nf6 4. O-O Bc5 5. d3 d6 6. c3 O-O 7. Re1 Bb6 8. Nbd2
Be6 9. Bxe6 fxe6 10. h3 Qe8 11. Nf1 h6 12. Ng3 Qg6 13. Be3 Bxe3 14. Rxe3 Rae8
15. Qd2 Rf7 16. Rae1 Ref8 17. d4 Nd7 18. Qd3 Kh8 19. Qb5 exd4 20. cxd4 Nd8 21.
Qa5 Nb6 22. Qxa7 Qh7 23. b3 g5 24. Qa5 Qg6 25. d5 e5 26. Qd2 Rh7 27. Nf5 h5 28.
Nh2 Nf7 29. Rg3 Qf6 30. Nf3 Rg8 31. h4 g4 32. Nh2 Nh6 33. Nxh6 Rxh6 34. f3 gxf3
35. Rxg8+ Kxg8 36. Qg5+ Qxg5 37. hxg5 Rg6 38. Nxf3 Nd7 39. Rc1 Nc5 40. Re1 Rg7
41. Re3 Kf8 42. Kh2 Rf7 43. Kg3 Rf4 44. Nd2 Kg7 45. b4 Na6 46. a3 Rg4+ 47. Kh3
Rxg5 48. Rg3 Rxg3+ 49. Kxg3 Kh6 50. Kh4 Nb8 51. Nc4 Nd7 52. Nd2 Nb6 53. g4 hxg4
54. Kxg4 Kg6 55. Kf3 Kg5 56. Kg3 Na4 57. Kf3 Nc3 58. Nc4 Nb5 59. a4 Nd4+ 60.
Ke3 Nc2+ 61. Kf3 Nxb4 62. Na5 b6 63. Nb7 Na6 64. a5 bxa5 65. Nxa5 Nc5 66. Nc6
Kf6 67. Ke3 Na6 68. Kd3 Nc5+ 69. Ke3 Na6 1/2-1/2

[Event "IX Floripa Chess Open Fort Atacadista"]
[Site "Florianópolis - Santa Catari"]
[Date "2023.01.24"]
[Round "2.201"]
[White "Marocco, Gabriel Leao Quadro"]
[Black "Navarro Canete, Facundo Javier"]
[Result "1-0"]
[WhiteElo "1598"]
[BlackElo "1148"]
[PlyCount "97"]
[EventDate "2023.01.23"]
[EventRounds "10"]
[EventCountry "BRA"]

1. e4 c5 2. Nf3 g6 3. d4 cxd4 4. Nxd4 Bg7 5. Bc4 Nc6 6. Be3 d6 7. Nc3 Nf6 8. f3
O-O 9. Bb3 a6 10. Qd2 Nxd4 11. Bxd4 Qc7 12. O-O-O Bd7 13. g4 b5 14. a3 a5 15.
Nd5 Nxd5 16. Bxg7 Kxg7 17. Qxd5 Rac8 18. Rd2 Qb6 19. Qd4+ Qxd4 20. Rxd4 Be6 21.
Bd5 Rc7 22. Rhd1 Rfc8 23. R1d2 Bxd5 24. Rxd5 Rc5 25. b4 axb4 26. axb4 Rxd5 27.
Rxd5 Rb8 28. e5 dxe5 29. Rxe5 Kf6 30. f4 Rb7 31. Kb2 e6 32. Kb3 Ke7 33. g5 Kd6
34. Rc5 Kd7 35. c4 bxc4+ 36. Kxc4 Rb6 37. b5 Rb8 38. Rc6 Ra8 39. Ra6 Rc8+ 40.
Kd4 Rb8 41. Kc5 Rc8+ 42. Rc6 Rb8 43. b6 Rb7 44. Rd6+ Kc8 45. Kc6 Re7 46. h3 Re8
47. Rd7 Rf8 48. Ra7 Kb8 49. Kb5 1-0

[Event "IX Floripa Chess Open Fort Atacadista"]
[Site "Florianópolis - Santa Catari"]
[Date "2023.01.24"]
[Round "2.202"]
[White "De Bortolo, Artur Mattos"]
[Black "Luz, Christian Oliveira"]
[Result "0-1"]
[WhiteElo "1181"]
[BlackElo "1594"]
[PlyCount "90"]
[EventDate "2023.01.23"]
[EventRounds "10"]
[EventCountry "BRA"]

1. Nf3 Nf6 2. g3 c6 3. Bg2 d5 4. O-O g6 5. d3 Bg7 6. Nbd2 O-O 7. e4 dxe4 8.
dxe4 Bg4 9. h3 Bc8 10. c3 a5 11. Qc2 Qc7 12. a4 Na6 13. Nc4 Nd7 14. Be3 e5 15.
Rfd1 Ndc5 16. Nfd2 Be6 17. f4 f6 18. fxe5 fxe5 19. Na3 Rfb8 20. b4 Nd7 21. Rdb1
Bf8 22. bxa5 Bxa3 23. Rxa3 Qxa5 24. Nb3 Qc7 25. Bh6 c5 26. Be3 b5 27. axb5 Nb4
28. Qb2 Nd3 29. Qa2 Rxa3 30. Qxa3 Rxb5 31. Qa8+ Nb8 32. Nd2 Rxb1+ 33. Nxb1 Kg7
34. Nd2 Qc8 35. Bf1 Nb2 36. Qa3 Qb7 37. Qxc5 Nd7 38. Qe7+ Bf7 39. g4 Qc6 40.
Qb4 Nd1 41. Bf2 Nxc3 42. Qb2 Nxe4 43. Nxe4 Qxe4 44. Bb5 Bd5 45. Ba7 Qh1+ 0-1

[Event "IX Floripa Chess Open Fort Atacadista"]
[Site "Florianópolis - Santa Catari"]
[Date "2023.01.24"]
[Round "2.203"]
[White "Ramos, Rafael Cabreira"]
[Black "Mauro, Roberto Da Silva"]
[Result "0-1"]
[WhiteElo "1161"]
[BlackElo "1590"]
[PlyCount "90"]
[EventDate "2023.01.23"]
[EventRounds "10"]
[EventCountry "BRA"]

1. e4 c5 2. c3 Nc6 3. d4 cxd4 4. cxd4 d6 5. d5 Ne5 6. f4 Nd7 7. Nf3 Ngf6 8. Nc3
Qb6 9. h3 Nc5 10. e5 Nh5 11. Be3 Ng3 12. Rg1 Nxf1 13. Rxf1 Qxb2 14. Rc1 Bf5 15.
Bxc5 dxc5 16. Qd2 Qxd2+ 17. Kxd2 O-O-O 18. g4 Be6 19. Ke3 Bxd5 20. Rfd1 e6 21.
Nb5 a6 22. Nd6+ Bxd6 23. exd6 Bxf3 24. Kxf3 b6 25. Ke4 Kd7 26. Rc3 Kc6 27. Rcd3
Rd7 28. Ke5 Rhd8 29. g5 h6 30. h4 hxg5 31. hxg5 Rh8 32. Ra3 a5 33. Rb3 Rh2 34.
Re3 g6 35. a3 b5 36. Re4 c4 37. a4 Rb2 38. axb5+ Rxb5+ 39. Kf6 Rf5+ 40. Kg7 Rc5
41. Re5 Rd5 42. Rc1 Kc5 43. Ra1 Kxd6 44. Rxd5+ exd5 45. Rxa5 c3 0-1

[Event "IX Floripa Chess Open Fort Atacadista"]
[Site "Florianópolis - Santa Catari"]
[Date "2023.01.24"]
[Round "2.204"]
[White "Ferreira, Carlos Eduardo"]
[Black "Ramos, Fernanda Cabreira"]
[Result "1-0"]
[WhiteElo "1585"]
[BlackElo "1136"]
[PlyCount "77"]
[EventDate "2023.01.23"]
[EventRounds "10"]
[EventCountry "BRA"]

1. e4 d5 2. exd5 Qxd5 3. Nc3 Qd8 4. d4 c6 5. a4 Nf6 6. Nf3 g6 7. h3 Bg7 8. Bc4
Nbd7 9. a5 O-O 10. Bf4 Re8 11. O-O Nh5 12. Bh2 Nf8 13. Re1 Ne6 14. Ne5 Nf6 15.
Ne4 Rf8 16. c3 Nxe4 17. Rxe4 Ng5 18. Re1 Be6 19. Qb3 Bxc4 20. Qxc4 Qd5 21. Qb4
Qb5 22. Qxb5 cxb5 23. a6 bxa6 24. Rxa6 Rfc8 25. Nc6 Re8 26. Rxe7 Rxe7 27. Nxe7+
Kh8 28. Nc6 Re8 29. Kf1 Ne4 30. f3 Nd2+ 31. Kf2 Bh6 32. Ne5 Re7 33. Ng4 Bg5 34.
Be5+ Kg8 35. Nf6+ Bxf6 36. Bxf6 Rd7 37. Rc6 h6 38. Rc8+ Kh7 39. Rh8# 1-0

[Event "IX Floripa Chess Open Fort Atacadista"]
[Site "Florianópolis - Santa Catari"]
[Date "2023.01.24"]
[Round "2.205"]
[White "Da Silva, Miguel Michels"]
[Black "Pereira, Armando Scharlau"]
[Result "0-1"]
[WhiteElo "1156"]
[BlackElo "1581"]
[PlyCount "112"]
[EventDate "2023.01.23"]
[EventRounds "10"]
[EventCountry "BRA"]

1. d4 Nf6 2. c4 e6 3. Nc3 d5 4. Bg5 Be7 5. Nf3 c6 6. e3 Nbd7 7. cxd5 exd5 8.
Bd3 O-O 9. O-O Re8 10. Qc2 h6 11. Bh4 a6 12. Rab1 Ne4 13. Bxe7 Qxe7 14. Bxe4
dxe4 15. Nd2 Nf6 16. Rbe1 Bf5 17. f3 Bh7 18. fxe4 Nxe4 19. Ndxe4 Bxe4 20. Nxe4
Qxe4 21. Qb3 Qe7 22. Rf3 Rad8 23. Ref1 Rf8 24. Rf5 Rd7 25. R1f3 Kh8 26. a3 f6
27. Rg3 Re8 28. Qc2 Qe4 29. Qxe4 Rxe4 30. Kf2 Re6 31. Ke2 Rxd4 32. Rc5 Rde4 33.
Kd3 Kg8 34. h3 Kf7 35. Rh5 R6e5 36. Rxe5 Rxe5 37. Rg4 f5 38. Rb4 b5 39. Rd4 Ke6
40. b4 c5 41. bxc5 Rxc5 42. g3 a5 43. e4 g6 44. exf5+ Rxf5 45. Ke4 h5 46. h4
Rf1 47. Rd3 a4 48. Rc3 Rb1 49. Rc6+ Kf7 50. Rc3 b4 51. axb4 Rxb4+ 52. Kd5 Rb3
53. Kd4 Rxc3 54. Kxc3 Kf6 55. Kb4 Kf5 56. Kxa4 Kg4 0-1

[Event "IX Floripa Chess Open Fort Atacadista"]
[Site "Florianópolis - Santa Catari"]
[Date "2023.01.24"]
[Round "2.207"]
[White "Altenhofen, Guilherme Graneto"]
[Black "Furtado, Tiago Cicotti"]
[Result "0-1"]
[WhiteElo "1146"]
[BlackElo "1580"]
[PlyCount "76"]
[EventDate "2023.01.23"]
[EventRounds "10"]
[EventCountry "BRA"]

1. e4 c5 2. Nf3 e6 3. c3 d5 4. e5 Nc6 5. d4 Bd7 6. Be2 f6 7. O-O Qc7 8. Bf4
Nge7 9. Bg3 Nf5 10. Na3 a6 11. Nc2 Nxg3 12. hxg3 fxe5 13. dxe5 Nxe5 14. Nxe5
Qxe5 15. Re1 Qf6 16. Bg4 O-O-O 17. Qe2 Re8 18. Qe5 Qxe5 19. Rxe5 Bd6 20. Re3 h5
21. Bf3 g5 22. Rae1 g4 23. Be2 e5 24. Rd1 d4 25. Red3 e4 26. R3d2 Be6 27. b3 d3
28. Re1 Be5 29. Nd4 cxd4 30. cxd4 Bxd4 31. Rc1+ Kb8 32. Bf1 Ref8 33. Kh1 Bxf2
34. Rdd1 Bxg3 35. Rc5 Rf2 36. Rg5 Rhf8 37. Rg6 Rxf1+ 38. Rxf1 Rxf1# 0-1